| 000 | 03371nam a22003137i 4500 | ||
|---|---|---|---|
| 001 | TCPA 87 | ||
| 003 | gtcocun | ||
| 005 | 20250818205907.0 | ||
| 006 | a||||gr|||| 00| 0 | ||
| 008 | 250818b2021 gt ||||| m||| 00| 0 eng d | ||
| 040 |
_agtcocun _bSPA _cgtcocun _eRDA |
||
| 041 | _aSPA | ||
| 084 | _0TCPA 87 | ||
| 100 |
_aCaal Cacao, Hector Froilan _eAutor |
||
| 245 |
_aInforme final del Ejercicio Profesional Supervisado, realizado en la Asociación Civil de Pequeños y Medianos Agricultores del Kape (ASOKAPE), aldea Chiquixji, San Pedro Carchá, Alta Verapaz/ _cHector Froilan Caal Cacao _hImpreso |
||
| 264 |
_aCobán, Alta Verapaz: _bUniversidad de San Carlos de Guatemala, Centro Universitario del Norte, Licenciatura en Contaduría Pública y Auditoría. _c2021 |
||
| 300 |
_a75 p.: _bIlustraciones, gráficas. _c28 cm; PDF |
||
| 336 |
_2rdacontenido _aTexto _btxt |
||
| 337 |
_2rdamedio _aComputadora _bn |
||
| 338 |
_2rdasoporte _aCódigo en línea _bcr |
||
| 502 | _e. | ||
| 502 |
_aTesis de grado _bLicenciatura en Contaduría Pública y Auditoría. _cUniversidad de San Carlos de Guatemala, Centro Universitario del Norte, Licenciatura en Contaduría Pública y Auditoría. _d2021 _oTCPA 87 |
||
| 520 | 1 | 4 | _aEl presente informe del ejercicio profesional supervisado fue ejecutado en la Asociación Civil de Pequeños y Medianos Agricultores del Kape (ASOKAPE) que se encuentra ubicado en área céntrica de la aldea Chiquixji, al norte del municipio de San Pedro Carchá, Alta Verapaz, cuyo objeto primordial consiste en agrupar en el seno a todas aquellas personas que se dedican a cultivar, producir, procesar café cereza, pergamino, oro y tostado de todas las especies que sea posible en dicha área. El mismo se desarrolló en varias etapas, se inicia con la fase de diagnóstico, en el que se determinaron las debilidades a nivel de la asociación y se jerarquizaron de acuerdo al grado de relevancia. Posteriormente se plantearon las posibles soluciones en el respectivo plan de trabajo, para luego realizar la etapa de ejecución en la que se desarrollaron cada una de las actividades plasmadas. En el proceso de ejecución de las actividades se realizó la reestructuración contable en la que se plantearon las correcciones necesarias para los períodos del 2015 al 2018. La implementación de un manual contable para mejorar el ambiente de control de la asociación y asegurar que la información esté libre de errores materiales. También se elaboró un estudio del sistema de costos de producción del proceso que se tiene ejecutado y el tratamiento contable a los mismos. Como parte de la labor realizada la información se presentará en forma sintetizada e incluirá la descripción de las actividades mencionadas en el anterior párrafo, datos relevantes del desarrollo de los mismos y el respectivo análisis y discusión de resultados y en la última parte de este trabajo incluye las correspondientes conclusiones y recomendaciones. |
| 650 |
_2LEMB _aCarchá, Alta Verapaz _xreestructuracion contable _xmanual contable _xsistema de costos _xproducción |
||
| 700 |
_aLic. Mario Fernando Barrios Figueróa _eAsesor |
||
| 856 |
_uhttps://drive.google.com/file/d/1Sx4HVgdpMH1rQOJUXfH00XP9Cr4sANDK/view?usp=sharing _yPDF _zUn ejemplar en línea. |
||
| 942 |
_2ddc _cTES _iTCPA_87 _kClasificación _n0 _6TCPA__87 |
||
| 999 |
_c1178 _d1178 |
||